Atalanta Squad 2019-2020 - Statistics

General Stats
  • This quiz has been taken 23 times
  • The average score is 21 of 29
Answer Stats
# Position Nation Player % Correct
72 FW Slovenia Josip Iličić
100%
15 MF Netherlands Marten de Roon
100%
8 DF Germany Robin Gosens
100%
19 DF Albania Berat Djimsiti
95%
91 FW Colombia Duván Zapata
95%
33 DF Netherlands Hans Hateboer
95%
9 FW Colombia Luis Muriel
95%
88 MF Croatia Mario Pašalić
95%
2 DF Italy Rafael Tolói
95%
- Coach Italy Gian Piero Gasperini
90%
6 DF Argentina José Luis Palomino
90%
10 FW Argentina Papu Gómez
90%
11 MF Switzerland Remo Freuler
90%
57 GK Italy Marco Sportiello
86%
99 FW Gambia Musa Barrow
86%
95 GK Italy Pierluigi Gollini
86%
18 MF Ukraine Ruslan Malinovskyi
86%
4 DF Denmark Simon Kjær
86%
21 DF Belgium Timothy Castagne
71%
31 GK Italy Francesco Rossi
67%
90 FW Gambia Ebrima Colley
52%
3 DF Italy Mattia Caldara
48%
5 DF Italy Andrea Masiello
43%
4 DF Croatia Boško Šutalo
43%
41 DF Brazil Roger Ibañez
38%
5 MF Cameroon Adrien Tamèze
33%
7 DF Germany Lennart Czyborra
29%
13 DF Brazil Guilherme Arana
24%
22 DF Italy Raoul Bellanova
14%
No matching quizzes found
Score Distribution
Percent of People with Each Score
Percentile by Number Answered
Your Score History
You have not taken this quiz